| 000 | 00524nam a2200193Ia 4500 | ||
|---|---|---|---|
| 001 | 66314 | ||
| 008 | 150514s9999 xx 000 0 und d | ||
| 020 | _a9781845425472 | ||
| 040 | _cPK-LaUMT | ||
| 082 |
_a321.02 _bECO- |
||
| 100 | _aKobayashi, Bruce H. | ||
| 245 |
_aEconomics of federation _cKobayashi, Bruce H.|Ribstein, Larry E. |
||
| 260 |
_aCheltenham,UK: _bElgar Reference Collection, _c2007 |
||
| 501 | _a2 vols. | ||
| 546 | _aEN | ||
| 650 | _aFederal government | ||
| 700 | _aRibstein, Larry E. | ||
| 942 | _cBK | ||
| 999 |
_c71150 _d71150 |
||